| 000 | 00477nam a2200133Ia 4500 | ||
|---|---|---|---|
| 008 | 170516s9999 xx 000 0 und d | ||
| 245 | _aOptimization of enzymatic saccharification of Chaetomorpha linum biomass for the production of macroalgae-based third generation bioethanol | ||
| 260 | _bAIMS Bioengineering | ||
| 260 | _c2016 | ||
| 300 | _a:3 | ||
| 650 | _xMedical Technology | ||
| 650 | _xMedtech | ||
| 856 | _uhttp://www.aimspress.com/journal/Bioengineering/2016/3.html | ||
| 999 |
_c330589 _d330589 |
||